Nový obraz budoucnosti přední osobnosti světového managementu a sociálního myšlení o budoucnosti podnikání, konkurence, řízení a trhu

Salvato in:
Dettagli Bibliografici
Altri autori: Gibson, Rowan, Medek, Pavel
Natura: Libro
Lingua:ceco
Pubblicazione: Praha Management Press 2000
Edizione:2. vyd.
Soggetti:
Tags: Aggiungi Tag
Nessun Tag, puoi essere il primo ad aggiungerne!!

MARC

LEADER 00000nam$a2200000$$$4500
001 0021984
005 20240104114529.9
020 |a 80-7261-036-8 
041 0 |a cze 
044 |a CZ 
245 1 0 |a Nový obraz budoucnosti  |b přední osobnosti světového managementu a sociálního myšlení o budoucnosti podnikání, konkurence, řízení a trhu  |c Rowan Gibson (editor) 
250 |a 2. vyd. 
264 1 |a Praha  |b Management Press  |c 2000 
300 |a 261 s. 
610 2 0 |a podnikanie 
610 2 0 |a manažment 
610 2 0 |a prognózy 
610 2 0 |a vývoj hospodársky 
610 2 0 |a vývoj spoločenský 
610 2 0 |a prostredie ekonomické 
610 2 0 |a konkurencia 
610 2 0 |a riadenie 
610 2 0 |a vedenie 
610 2 0 |a trh 
610 2 0 |a svet 
610 2 0 |a myslenie ekonomické 
700 1 |a Gibson, Rowan 
700 1 |a Medek, Pavel